Normal view
MARC view
Entry Personal Name
001 - CONTROL NUMBER
- control field: 245485
003 - CONTROL NUMBER IDENTIFIER
- control field: OSt
005 - DATE AND TIME OF LATEST TRANSACTION
- control field: 20251113160846.0
008 - FIXED-LENGTH DATA ELEMENTS
- fixed length control field: 251113|| aca||aabn | a|a d
040 ## - CATALOGING SOURCE
- Original cataloging agency: OSt
- Transcribing agency: OSt
100 ## - HEADING--PERSONAL NAME
- Personal name: NARAHALLI BALASUBRAMANYA MATTU LAKSHMANA KODASE,Ed
- Dates associated with a name: ನರಹಳ್ಳಿ ಬಾಲಸುಬ್ರಹ್ಮಣ್ಯ ಮತ್ತು ಲಕ್ಷ್ಮಣ ಕೊಡಸೆ
670 ## - SOURCE DATA FOUND
- Source citation: Work cat.: (OSt)212674: NARAHALLI BALASUBRAMANYA MATTU LAKSHMANA KODASE,Ed ನರಹಳ್ಳಿ ಬಾಲಸುಬ್ರಹ್ಮಣ್ಯ ಮತ್ತು ಲಕ್ಷ್ಮಣ ಕೊಡಸೆ , Kristanjali., 1973